Sobre lírica medieval gallega y sus perduraciones / (Record no. 14734)
[ view plain ]
| 000 -LEADER | |
|---|---|
| campo de control de longitud fija | 00844nam a22002411i 4500 |
| 001 - NÚMERO DE CONTROL | |
| campo de control | 14734 |
| 003 - IDENTIFICADOR DE NÚMERO DE CONTROL | |
| campo de control | ES-MaACL |
| 005 - FECHA Y HORA DE LA ÚLTIMA TRANSACCIÓN | |
| campo de control | 20250730063046.0 |
| 007 - CAMPO FIJO DE DESCRIPCIÓN FÍSICA--INFORMACIÓN GENERAL | |
| campo de control de longitud fija | t| |
| 008 - DATOS DE LONGITUD FIJA--INFORMACIÓN GENERAL | |
| campo de control de longitud fija | 900725s1977 sp ||||0| spa j |
| 020 ## - NÚMERO INTERNACIONAL ESTÁNDAR DEL LIBRO | |
| Número Internacional Estándar del Libro | 84-212-0041-0 : |
| Condiciones de disponibilidad | 250 pts |
| 040 ## - FUENTE DE CATALOGACIÓN | |
| Centro catalogador/agencia de origen | M-BN |
| Lengua de catalogación | spa |
| Centro/agencia transcriptor | A2 |
| 080 ## - NÚMERO DE LA CLASIFICACIÓN DECIMAL UNIVERSAL | |
| Número de la Clasificación Decimal Universal | 869.9-14.09"12/13"(04) |
| 100 1# - ENTRADA PRINCIPAL--NOMBRE DE PERSONA | |
| Nombre de persona | Filgueira Valverde, José, |
| Fechas asociadas al nombre | 1906-1996 |
| 9 (RLIN) | 50833 |
| 245 10 - MENCIÓN DEL TÍTULO | |
| Título | Sobre lírica medieval gallega y sus perduraciones / |
| Mención de responsabilidad, etc. | José Filgueira Valverde. |
| 260 ## - PUBLICACIÓN, DISTRIBUCIÓN, ETC. | |
| Lugar de publicación, distribución, etc. | [Valencia] : |
| Nombre del editor, distribuidor, etc. | Bello, |
| Fecha de publicación, distribución, etc. | 1977. |
| 300 ## - DESCRIPCIÓN FÍSICA | |
| Extensión | 202 p., 2 h ; |
| Dimensiones | 17 cm. |
| 490 1# - MENCIÓN DE SERIE | |
| Mención de serie | Biblioteca filológica. I. Ensayos ; |
| Designación de volumen o secuencia | 8 |
| 650 14 - PUNTO DE ACCESO ADICIONAL DE MATERIA--TÉRMINO DE MATERIA | |
| Término de materia o nombre geográfico como elemento de entrada | Poesía galaico-portuguesa- |
| Subdivisión cronológica | S.XIII-XIV- |
| Subdivisión general | Historia y crítica. |
| 9 (RLIN) | 16182 |
| 830 0# - PUNTO DE ACCESO ADICIONAL DE SERIE-TÍTULO UNIFORME | |
| Título uniforme | Biblioteca filológica. I. Ensayos ; |
| Designación de volumen o secuencia | 8 |
| 9 (RLIN) | 186707 |
| 852 ## - LOCALIZACIÓN | |
| Ubicación | ES-MaACL |
| Número de control de estantería | L-21969 |
| Sublocalización o colección | R.116311 |
| Estatus retirado | Estado de pérdida | Estado de daño | No para préstamo | Biblioteca de origen | Biblioteca actual | Ubicación en estantería | Fecha de adquisición | Fuente de adquisición | Total de préstamos | Signatura topográfica completa | Código de barras | Visto por última vez | Precio de reemplazo | Tipo de ítem Koha |
|---|---|---|---|---|---|---|---|---|---|---|---|---|---|---|
| Biblioteca del Ateneo de Madrid | Biblioteca del Ateneo de Madrid | Depósito 2 | 17/01/2008 | L-21969 | 1014983 | 23/02/2023 | 23/02/2023 | Libro impreso |
